Biggest sources of immigrants to New Jersey - Statistics

General Stats
  • This quiz has been taken 66 times
  • The average score is 8 of 10
Answer Stats
Hint Answer % Correct
108,984 Mexico
98%
90,569 China
89%
270,000 India
88%
96,987 Colombia
80%
67,595 Korea
77%
50,673 Brazil
75%
44,294 Cuba
73%
84,196 Philippines
73%
49,749 El Salvador
55%
45,648 Jamaica
52%
No matching quizzes found
Score Distribution
Percent of People with Each Score
Percentile by Number Answered
Your Score History
You have not taken this quiz